Normal view
MARC view
Entry Topical Term
001 - CONTROL NUMBER
- control field: 847827
003 - CONTROL NUMBER IDENTIFIER
- control field: OSt
005 - DATE AND TIME OF LATEST TRANSACTION
- control field: 20251009114009.0
008 - FIXED-LENGTH DATA ELEMENTS
- fixed length control field: 251009|| aca||aabn | a|a d
040 ## - CATALOGING SOURCE
- Original cataloging agency: OSt
- Transcribing agency: OSt
150 ## - HEADING--TOPICAL TERM
- Topical term or geographic name entry element: Karl Marx biography
670 ## - SOURCE DATA FOUND
- Source citation: Work cat.: (OSt)575900: Berlin, Isaiah 20140, Karl Marx: His life and environment , 1963
